000 00621nam a22001817a 4500
003 LK-CoDNM
005 20241220094722.0
008 241218b |||||||| |||| 00| 0 eng d
040 _aLK-CoDNM
_dLK-CoDNM
_eLK-CoDNM
041 _aeng
080 _a2
_bQ2
100 _aThomas bell
245 _aA history of the British stalk - eyed crustacea
260 _c
_alondon
_bjohn van voorst 1 , paternoster row.
300 _a386p. : ill ; 23 CM
650 _aScience
942 _cBK
999 _c233752
_d233752